Aime-moi / (Record no. 137174)

MARC details
000 -CABECERA
campo de control de longitud fija 01632nam a2200373 i 4500
001 - NÚMERO DE CONTROL
campo de control 991061729800406706
003 - IDENTIFICADOR DEL NÚMERO DE CONTROL
campo de control ES-BaIT
005 - FECHA Y HORA DE LA ÚLTIMA TRANSACCIÓN
campo de control 20260302101252.0
008 - DATOS DE LONGITUD FIJA--INFORMACIÓN GENERAL
campo de control de longitud fija 260106e202512 fr a b 000 d fre c
020 ## - NÚMERO INTERNACIONAL ESTÁNDAR DEL LIBRO
Número Internacional Estándar del Libro 9782749817088
Información calificativa (rústica)
020 ## - NÚMERO INTERNACIONAL ESTÁNDAR DEL LIBRO
Número Internacional Estándar del Libro 2749817080
Información calificativa (rústica)
035 ## - NÚMERO DE CONTROL DEL SISTEMA
Número de control de sistema (OCoLC)1565481933
035 ## - NÚMERO DE CONTROL DEL SISTEMA
Número de control de sistema (OCoLC)on1565481933
040 ## - FUENTE DE LA CATALOGACIÓN
Centro catalogador/agencia de origen ES-BaIT
Lengua de catalogación cat
Normas de descripción rda
Centro/agencia transcriptor ES-BaIT
080 ## - NÚMERO DE LA CLASIFICACIÓN DECIMAL UNIVERSAL
Número de la Clasificación Decimal Universal 840-2"20"
100 1# - ENTRADA PRINCIPAL--NOMBRE DE PERSONA
Nombre de persona Ducommun, Fabien
Término indicativo de función/relación autor
9 (RLIN) 168759
245 10 - MENCIÓN DE TÍTULO
Título Aime-moi /
Mención de responsabilidad, etc. Fabien Ducommun.
264 #1 - PRODUCCIÓN, PUBLICACIÓN, DISTRIBUCIÓN, FABRICACIÓN Y COPYRIGHT
Producción, publicación, distribución, fabricación y copyright Paris :
Nombre del de productor, editor, distribuidor, fabricante L'avant-scène théâtre,
Fecha de producción, publicación, distribución, fabricación o copyright décembre 2025
300 ## - DESCRIPCIÓN FÍSICA
Extensión 59 pàgines :
Otras características físicas il·lustracions ;
Dimensiones 21 cm
336 ## - TIPO DE CONTENIDO
Término de tipo de contenido text
Código de tipo de contenido txt
Fuente rdacontent
337 ## - TIPO DE MEDIO
Nombre/término del tipo de medio sense mediació
Código del tipo de medio n
Fuente rdamedia
338 ## - TIPO DE SOPORTE
Nombre/término del tipo de soporte volum
Código del tipo de soporte nc
Fuente rdacarrier
490 1# - MENCIÓN DE SERIE
Mención de serie L'avant-scène théâtre ;
Designación de volumen o secuencia no 1585
500 ## - NOTA GENERAL
Nota general P2: H2
500 ## - NOTA GENERAL
Nota general Publicat com no 1585 (décembre 2025) de la revista L'Avant-scène théâtre
500 ## - NOTA GENERAL
Nota general Estrena Scala (París) el 3 de febrer de 2025
504 ## - NOTA DE BIBLIOGRAFÍA, ETC.
Nota de bibliografía, etc. Inclou referències bibliògràfiques
520 ## - SUMARIO, ETC.
Sumario, etc. "Aux États-Unis, Fabien se retrouve entraîné, presque malgré lui, dans un road trip à bord d’une Chevrolet baptisée Princesse. Au fil des kilomètres, les paysages défilent, et les souvenirs refont surface. Peu à peu, la route devient un voyage intérieur, où les fils du passé et du présent s’entremêlent, poussant Fabien à affronter ce qu’il pensait pouvoir fuir"-- Contracoberta
650 #0 - PUNTO DE ACCESO ADICIONAL DE MATERIA--TÉRMINO DE MATERIA
Término de materia o nombre geográfico como elemento de entrada Ducommun, Fabien
Subdivisión de forma Textos dramàtics
9 (RLIN) 168760
830 ## - PUNTO DE ACCESO ADICIONAL DE SERIE-TÍTULO UNIFORME
Título uniforme Avant-scène.
Nombre de parte o sección de la obra Théâtre
Designación de volumen o secuencia no 1585
9 (RLIN) 168170
908 ## - COLOCAR PARÁMETRO DE COMANDO (RLIN)
Colocar parámetro de comando CDMAE
940 ## - EQUIVALENCIA O REFERENCIA-CRUZADA--TÍTULO UNIFORME [OBSOLETO] [solamente CAN/MARC]
Título uniforme <a href="OCLC">OCLC</a>
942 ## - ELEMENTOS DE ENTRADA AGREGADA (KOHA)
Fuente del sistema de clasificación o colocación Clasificación decimal universal
Tipo de ítem Koha Llibre
Holdings
Estado de retiro Estado de pérdida Fuente del sistema de clasificación o colocación Estado dañado No para préstamo Localización permanente Ubicación/localización actual Ubicación en estantería Fecha de adquisición Fuente de adquisición Total de préstamos Signatura topográfica completa Código de barras Fecha visto por última vez Precio válido a partir de Tipo de ítem Koha
    Clasificación decimal universal     Biblioteca Barcelona Biblioteca Barcelona BCN Magatzem Revistes 02/03/2026 Compra   S 143-06 1900089896 02/03/2026 02/03/2026 Llibre

Powered by Koha